<?xml version="1.0" encoding="UTF-8"?>
<record
    xmlns:xsi="http://www.w3.org/2001/XMLSchema-instance"
    xsi:schemaLocation="http://www.loc.gov/MARC21/slim http://www.loc.gov/standards/marcxml/schema/MARC21slim.xsd"
    xmlns="http://www.loc.gov/MARC21/slim">

  <leader>03132nam a22003977i 4500</leader>
  <controlfield tag="001">B-12206</controlfield>
  <controlfield tag="003">CO-BoFNCP</controlfield>
  <controlfield tag="007">t|| </controlfield>
  <controlfield tag="008">090820s2009    ck     r           spa d </controlfield>
  <datafield tag="040" ind1=" " ind2=" ">
    <subfield code="a">CO-BoFNCP</subfield>
    <subfield code="b">spa</subfield>
    <subfield code="c">CO-BoFNCP</subfield>
    <subfield code="e">rda</subfield>
  </datafield>
  <datafield tag="041" ind1=" " ind2=" ">
    <subfield code="a">spa</subfield>
  </datafield>
  <datafield tag="043" ind1=" " ind2=" ">
    <subfield code="a">ck</subfield>
  </datafield>
  <datafield tag="084" ind1=" " ind2=" ">
    <subfield code="a">A-</subfield>
  </datafield>
  <datafield tag="100" ind1="1" ind2=" ">
    <subfield code="a">Ariza, Josu&#xE9; G.,</subfield>
    <subfield code="e">autor.</subfield>
    <subfield code="4">aut</subfield>
    <subfield code="9">41327</subfield>
  </datafield>
  <datafield tag="245" ind1="0" ind2="0">
    <subfield code="a">Relaci&#xF3;n entre los s&#xED;ntomas externos y el avance interno de la lesi&#xF3;n causada por la pudrici&#xF3;n del cogollo (PC) en palmas de vivero en Tumaco.</subfield>
  </datafield>
  <datafield tag="264" ind1=" " ind2="1">
    <subfield code="a">Palmira :</subfield>
    <subfield code="b">Ascolfi,</subfield>
    <subfield code="c">2009.</subfield>
  </datafield>
  <datafield tag="300" ind1=" " ind2=" ">
    <subfield code="a">p&#xE1;ginas 35-38 :</subfield>
    <subfield code="b">Tablas, gr&#xE1;ficos, fotograf&#xED;as.</subfield>
  </datafield>
  <datafield tag="336" ind1=" " ind2=" ">
    <subfield code="a">texto</subfield>
    <subfield code="b">txt</subfield>
    <subfield code="2">rdacontent</subfield>
  </datafield>
  <datafield tag="337" ind1=" " ind2=" ">
    <subfield code="a">sin mediaci&#xF3;n</subfield>
    <subfield code="b">n</subfield>
    <subfield code="2">rdamedia</subfield>
  </datafield>
  <datafield tag="338" ind1=" " ind2=" ">
    <subfield code="a">volumen</subfield>
    <subfield code="b">nc</subfield>
    <subfield code="2">rdacarrier</subfield>
  </datafield>
  <datafield tag="504" ind1=" " ind2=" ">
    <subfield code="a">Incluye referencias bibliogr&#xE1;ficas.</subfield>
  </datafield>
  <datafield tag="520" ind1=" " ind2=" ">
    <subfield code="a">Utilizando la Escala de Severidad de la pudrici&#xF3;n del cogollo de la palma de aceite, desarrollada por los investigadores de Cenipalma, se procedi&#xF3; a adelantar un estudio en el cual se estableci&#xF3; la relaci&#xF3;n entre cada uno de los grados de severidad y el avance de los s&#xED;ntomas en la zona del cogollo hacia el meristemo, en palmas de vivero de 12 a 18 meses de edad. Se identificaron 20 palmas por cada uno de los grados de severidad y se procedi&#xF3; a realizar la disecci&#xF3;n de cada una de ellas, identificando el sitio de avance de la pudrici&#xF3;n y midiendo la distancia desde este sitio hasta la zona meristem&#xE1;tica. Los resultados se sometieron a un an&#xE1;lisis de varianza y pruebas de correlaci&#xF3;n de Pearson. Se determin&#xF3; que existe una relaci&#xF3;n inversamente proporcional entre el grado de severidad y la distancia entre el sitio de avance de la PC en la zona del cogollo y la del meristemo. Los grados de severidad m&#xE1;s bajos, 1 y 2 presentaron la mayor distancia hasta el meristemo, permitiendo entender el por qu&#xE9; las actividades de control de la enfermedad, por eliminaci&#xF3;n del tejido enfermo, tiene las mejores posibilidades de recuperaci&#xF3;n de las palmas, cuando se ponen en pr&#xE1;ctica las acciones de manejo y control de la PC recomendadas por Cenipalma. En grados de severidad m&#xE1;s altos, el proceso de pudrici&#xF3;n ha avanzado m&#xE1;s hacia la zona meristem&#xE1;tica, reduciendo las posibilidades de recuperaci&#xF3;n de las palmas, debido a la dificultad de retirar todo el tejido enfermo. Los resultados obtenidos confirman la estrecha relaci&#xF3;n entre los grados de severidad en la flecha m&#xE1;s joven de m&#xE1;s de 30 cm y el avance de la pudrici&#xF3;n en la zona del cogollo y la utilidad de la escala de grados de severidad, en el diagn&#xF3;stico y toma de medidas oportunas para el control de la enfermedad.</subfield>
  </datafield>
  <datafield tag="650" ind1=" " ind2="0">
    <subfield code="a">Diagn&#xF3;stico.</subfield>
    <subfield code="9">8293</subfield>
  </datafield>
  <datafield tag="650" ind1=" " ind2="0">
    <subfield code="a">Escala de severidad</subfield>
    <subfield code="9">32126.</subfield>
  </datafield>
  <datafield tag="650" ind1=" " ind2="0">
    <subfield code="a">Pudrici&#xF3;n del cogollo</subfield>
    <subfield code="9">30852.</subfield>
  </datafield>
  <datafield tag="650" ind1=" " ind2="0">
    <subfield code="a">Tumaco</subfield>
    <subfield code="9">31078.</subfield>
  </datafield>
  <datafield tag="650" ind1=" " ind2="0">
    <subfield code="a">Palma de aceite</subfield>
    <subfield code="9">37678.</subfield>
  </datafield>
  <datafield tag="700" ind1="1" ind2=" ">
    <subfield code="a">Mart&#xED;nez L., Gerardo</subfield>
    <subfield code="9">33358.</subfield>
  </datafield>
  <datafield tag="700" ind1="1" ind2=" ">
    <subfield code="a">Sarria, Greicy A.</subfield>
    <subfield code="9">41330.</subfield>
  </datafield>
  <datafield tag="700" ind1="1" ind2=" ">
    <subfield code="a">Torres, Gabriel A.</subfield>
    <subfield code="9">41331.</subfield>
  </datafield>
  <datafield tag="700" ind1="1" ind2=" ">
    <subfield code="a">Var&#xF3;n, Francia</subfield>
    <subfield code="9">41332.</subfield>
  </datafield>
  <datafield tag="773" ind1="0" ind2=" ">
    <subfield code="a">Fitopatolog&#xED;a Colombiana</subfield>
    <subfield code="g">v. 32, no. 2 (Febrero 2009), p.35-38</subfield>
    <subfield code="w">A-</subfield>
    <subfield code="x">0120-0143</subfield>
  </datafield>
  <datafield tag="942" ind1=" " ind2=" ">
    <subfield code="2">z</subfield>
    <subfield code="c">1</subfield>
  </datafield>
  <datafield tag="952" ind1=" " ind2=" ">
    <subfield code="0">0</subfield>
    <subfield code="1">0</subfield>
    <subfield code="2">z</subfield>
    <subfield code="4">0</subfield>
    <subfield code="7">0</subfield>
    <subfield code="a">2</subfield>
    <subfield code="b">2</subfield>
    <subfield code="d">2013-10-21</subfield>
    <subfield code="l">0</subfield>
    <subfield code="o">A-</subfield>
    <subfield code="p">R-12206</subfield>
    <subfield code="r">2013-10-21 00:00:00</subfield>
    <subfield code="t">Ej. 1</subfield>
    <subfield code="w">2013-10-21</subfield>
    <subfield code="y">1</subfield>
  </datafield>
  <datafield tag="999" ind1=" " ind2=" ">
    <subfield code="c">26554</subfield>
    <subfield code="d">26554</subfield>
  </datafield>
  <datafield tag="999" ind1=" " ind2=" ">
    <subfield code="z">1</subfield>
  </datafield>
</record>
